Science Quiz

Random Science or Numbers Quiz

Actinide Elements Quiz Stats

Quiz Updated Jan 13, 2013

Challenge
Share
Tweet
Embed
Score 0/15 Timer 04:00
0 Plays Today
% Correct
uranium
87.1%
actinium
86.3%
plutonium
83.9%
einsteinium
83.4%
californium
78.6%
neptunium
77.1%
americium
76%
curium
72.6%
% Correct
berkelium
70.9%
lawrencium
70.4%
mendelevium
69%
nobelium
66.2%
thorium
65.6%
protactinium
63.7%
fermium
62.5%

You're not logged in!

Compare scores with friends on all Sporcle quizzes.
Sign Up with Email
OR
Log In

You Might Also Like...

Show Comments

Extras

Top Quizzes Today


Score Distribution

Your Account Isn't Verified!

In order to create a playlist on Sporcle, you need to verify the email address you used during registration. Go to your Sporcle Settings to finish the process.